Central Library OPAC University of Rajshahi

Introduction to psychology / (Record no. 28884)

MARC details
000 -LEADER
fixed length control field 00884nam a22002892a 4500
001 - CONTROL NUMBER
control field 28884
003 - CONTROL NUMBER IDENTIFIER
rucl marc code BD-RjUL
005 - DATE AND TIME OF LATEST TRANSACTION
control field 20211209051337.0
008 - FIXED-LENGTH DATA ELEMENTS--GENERAL INFORMATION
fixed length control field 140401s1971 nyua b 001 0 eng d
020 ## - INTERNATIONAL STANDARD BOOK NUMBER
International Standard Book Number 0155436473
035 ## - SYSTEM CONTROL NUMBER
System control number (BD-RjUL)28968
040 ## - CATALOGING SOURCE
Original cataloging agency DLC
Transcribing agency DLC
Modifying agency BD-RjUL
Language of cataloging eng
041 ## - LANGUAGE CODE
Language code of text/sound track or separate title eng
082 00 - DEWEY DECIMAL CLASSIFICATION NUMBER
Classification number 150
Author mark and year HII 1971
100 1# - MAIN ENTRY--PERSONAL NAME
Personal name Hilgard, Ernest R.
Fuller form of name (Ernest Ropiequet),
Dates associated with a name 1904-2001
9 (RLIN) 88306
245 10 - TITLE STATEMENT
Title Introduction to psychology /
Statement of responsibility, etc. Ernest R. Hilgard, Richard C. Atkinson and Rita L. Atkinson.
250 ## - EDITION STATEMENT
Edition statement 5th ed.
260 ## - PUBLICATION, DISTRIBUTION, ETC. (IMPRINT)
Place of publication, distribution, etc. New York :
Name of publisher, distributor, etc. Harcourt Brace Jovanovich,
Date of publication, distribution, etc. c1971.
300 ## - PHYSICAL DESCRIPTION
Pagination xv, 640 p. :
Illustrations ill. ;
Size 25 cm.
504 ## - BIBLIOGRAPHY, ETC. NOTE
Bibliography, etc Bibliography: p. 603-629
Bibliography, etc Includes index.
650 #0 - SUBJECT ADDED ENTRY--TOPICAL TERM
Topical term or geographic name as entry element Psychology.
9 (RLIN) 88307
700 1# - ADDED ENTRY--PERSONAL NAME
Personal name Atkinson, Richard C.
Personal name Atkinson, Rita L.
942 ## - ADDED ENTRY ELEMENTS (KOHA)
Source of classification or shelving scheme Dewey Decimal Classification
Koha item type Books
Holdings
Lost status Source of classification or shelving scheme Damaged status Not for loan Collection code Permanent Location Current Location Shelving location Date acquired Source of acquisition Total Checkouts Full call number Date last seen Copy number Koha item type Cost, normal purchase price
  Dewey Decimal Classification     Non-fiction Central Library, University of Rajshahi Central Library, University of Rajshahi   15/11/1973 U. S. Govt.   150 HII 1971 01/04/2014 C-10 Books  
  Dewey Decimal Classification     Non-fiction Central Library, University of Rajshahi Central Library, University of Rajshahi   15/11/1973 US govt Gift.   150 HII 1971 01/04/2014 C-9 Books 0.00
  Dewey Decimal Classification     Non-fiction Central Library, University of Rajshahi Central Library, University of Rajshahi   15/01/1973 U. S. Govt. Gift   150 HII 1971 01/04/2014 C-8 Books  
  Dewey Decimal Classification     Non-fiction Central Library, University of Rajshahi Central Library, University of Rajshahi   15/01/1973 U. S. Govt., Gift.   150 HII 1971 01/04/2014 C-7 Books  
  Dewey Decimal Classification     Non-fiction Central Library, University of Rajshahi Central Library, University of Rajshahi   15/11/1973 USA Gift.   150 HII 1971 01/04/2014 C-6 Books 0.00
  Dewey Decimal Classification     Non-fiction Central Library, University of Rajshahi Central Library, University of Rajshahi   01/04/2014     150 HII 1971 01/04/2014 C-5 Books  
  Dewey Decimal Classification     Non-fiction Central Library, University of Rajshahi Central Library, University of Rajshahi   15/11/1973 US govt Gift.   150 HII 1971 01/04/2014 C-4 Books 0.00
  Dewey Decimal Classification     Non-fiction Central Library, University of Rajshahi Central Library, University of Rajshahi   15/11/1973 USA Gift.   150 HII 1971 01/04/2014 C-3 Books 0.00
  Dewey Decimal Classification     Non-fiction Central Library, University of Rajshahi Central Library, University of Rajshahi   15/11/1973 USA Gift.   150 HII 1971 01/04/2014 C-2 Books 0.00
  Dewey Decimal Classification   Added to bundle Non-fiction Central Library, University of Rajshahi Central Library, University of Rajshahi   15/11/1973 USA Gift.   150 HII 1971 01/04/2014 C-1 Books 0.00